Nezastaviteľný vizionár Elon Musk: Internet pre všetkých a život na Marse

Úspešný májový let vesmírnej lode Crew Dragon smerom k vesmírnej stanici ISS sledovali pri televíznych obrazovkách milióny napätých divákov. USA vyslali zo svojho územia do vesmíru prvých ľudí po takmer desaťročnom čakaní. NASA od roku 2011 využívala pre tieto účely iba ruské služby. Všetko zmenila...

Descrizione completa

Salvato in:
Dettagli Bibliografici
Autore principale: Matz, Jozef
Natura: Capitolo di libro
Lingua:slovacco
Soggetti:
Tags: Aggiungi Tag
Nessun Tag, puoi essere il primo ad aggiungerne!!

MARC

LEADER 00000naa a2200000 4500
001 0269423
005 20201022113546.7
041 0 |a slo 
044 |a SK 
245 1 0 |a Nezastaviteľný vizionár Elon Musk: Internet pre všetkých a život na Marse  |c Jozef Matz 
520 |a Úspešný májový let vesmírnej lode Crew Dragon smerom k vesmírnej stanici ISS sledovali pri televíznych obrazovkách milióny napätých divákov. USA vyslali zo svojho územia do vesmíru prvých ľudí po takmer desaťročnom čakaní. NASA od roku 2011 využívala pre tieto účely iba ruské služby. Všetko zmenila spoločnosť sebavedomého podnikateľa Elona Muska, ktorý šéfuje nielen SpaceX, ale aj automobilke Tesla. 
610 2 0 |a vesmír 
610 2 0 |a lietadlá 
610 2 0 |a internet 
610 2 0 |a svet 
610 2 0 |a podnikatelia 
610 2 0 |a osobnosť 
610 2 0 |a Musk, E. 
100 1 |a Matz, Jozef